Catálogo

Guadalupe símbolo y evangelización : (Registro nro. 40179)

Detalles MARC
000 -LEADER
fixed length control field 01384cam a2200361 i 4500
001 - CONTROL NUMBER
control field 40179
003 - CONTROL NUMBER IDENTIFIER
control field Mx-PuUPA
005 - DATE AND TIME OF LATEST TRANSACTION
control field 20241127111959.0
008 - FIXED-LENGTH DATA ELEMENTS--GENERAL INFORMATION
fixed length control field 140415s2001 mx af fr 001 0 spa|d
040 ## - CATALOGING SOURCE
Original cataloging agency Mx-PuUPA
Language of cataloging spa
Transcribing agency Mx-PuUPA
Modifying agency Mx-PuUPA
Description conventions rda
041 0# - LANGUAGE CODE
Language code of text/sound track or separate title spa
-- nah
100 1# - MAIN ENTRY--PERSONAL NAME
Personal name Rojas Sánchez, Mario,
Relator term autor
9 (RLIN) 10764
245 10 - TITLE STATEMENT
Title Guadalupe símbolo y evangelización :
Remainder of title la Virgen de Guadalupe se lee en Náhuatl /
Statement of responsibility, etc. Mario Rojas Sánchez ; editor, Othón Corona Sánchez
246 14 - VARYING FORM OF TITLE
Title proper/short title Guadalupe :
Remainder of title símbolo y evangelización
250 ## - EDITION STATEMENT
Edition statement 1a. edición
264 #3 - PRODUCTION, PUBLICATION, DISTRIBUTION, MANUFACTURE, AND COPYRIGHT NOTICE
Place of production, publication, distribution, manufacture México, D.F. :
Name of producer, publisher, distributor, manufacturer Diseño e Impresión Design & Digital Print,
Date of production, publication, distribution, manufacture, or copyright notice 2001
300 ## - PHYSICAL DESCRIPTION
Extent 181 páginas :
Other physical details ilustraciones, láminas ;
Dimensions 28 cm
336 ## - CONTENT TYPE
Fuente rdacontent
Content type term texto
Content type code txt
337 ## - MEDIA TYPE
Source rdamedia
Media type term sin medio
Media type code n
338 ## - CARRIER TYPE
Source rdacarrier
Carrier type term volumen
Carrier type code nc
501 ## - WITH NOTE
With note Apéndices (42 páginas).
501 ## - WITH NOTE
With note Láminas (62 páginas).
600 04 - SUBJECT ADDED ENTRY--PERSONAL NAME
Personal name Guadalupe, Nuestra Señora de
600 04 - SUBJECT ADDED ENTRY--PERSONAL NAME
Personal name Virgen de Guadalupe
General subdivision Arte
600 04 - SUBJECT ADDED ENTRY--PERSONAL NAME
Personal name Guadalupe, Nuestra señora de
General subdivision Cuadro milagroso
Geographic subdivision México
General subdivision Historia
Chronological subdivision 1531
650 #7 - SUBJECT ADDED ENTRY--TOPICAL TERM
Source of heading or term armarc
Topical term or geographic name entry element Arte mexicano
651 #4 - SUBJECT ADDED ENTRY--GEOGRAPHIC NAME
Geographic name México
General subdivision Vida religiosa y costumbres
700 1# - ADDED ENTRY--PERSONAL NAME
Personal name Corona Sánchez, Othón,
Relator term editor
942 ## - ADDED ENTRY ELEMENTS (KOHA)
Source of classification or shelving scheme Dewey Decimal Classification
Koha item type Libro
Classification part 232.917
Item part R7413
Existencias
Withdrawn status Lost status Source of classification or shelving scheme Damaged status Not for loan Collection code Home library Current library Shelving location Date acquired Source of acquisition Total Checkouts Full call number Barcode Date last seen Copy number Price effective from Koha item type
    Dewey Decimal Classification     General Centro de Estudios Guadalupanos Centro de Estudios Guadalupanos Sala general 03/12/2013 Compra   232.917 R7413 2001 47452 05/01/2026 Ej.3 03/12/2013 Libro
    Dewey Decimal Classification     General Centro de Estudios Guadalupanos Centro de Estudios Guadalupanos Sala general 03/12/2013 Compra   232.917 R7413 2001 49420 05/01/2026 Ej.2 03/12/2013 Libro
    Dewey Decimal Classification     General Centro de Estudios Guadalupanos Centro de Estudios Guadalupanos Sala general 17/03/2020     232.917 R7413 2001 60316 05/01/2026   17/03/2020 Libro